000
00476nam a2200133Ia 4500
008
100328s9999 xx 000 0 und d
082
_b
11030
100
_a
बोरकर लक्ष्मीदास
245
_a
निंबोणीच्या झाडाखाली
260
_b
आरााना
630
_a
निंबोणीच्या झाडाखाली
730
_a
निंबोणीच्या झाडाखाली
942
_c
BOOK
999
_c
506367
_d
506364